| 000 | 00738nam a22001937a 4500 | ||
|---|---|---|---|
| 003 | 0 | ||
| 005 | 20250205141525.0 | ||
| 008 | 250205b xxu||||| |||| 00| 0 eng d | ||
| 050 |
_aTX 911.3 _b.K56 2024 |
||
| 100 | _aKim, Yeon Woo | ||
| 245 |
_aPoint of sale system with reservation system for suwon korean garden grill. _cYeon Woo Kim |
||
| 260 |
_aLas Pinas City _bSouthville International School and Colleges _c2024 |
||
| 300 |
_axii, 155 pages: _bcolored illustration; _c28cm. |
||
| 500 | _aBachelor of Science in Information Technology. | ||
| 504 | _aIncludes bibliographical references and appendices. | ||
| 650 | _aRestaurant Reservation System Development. | ||
| 650 | _aTechnology -- Food Service Industry. | ||
| 942 |
_2lcc _cTH |
||
| 999 |
_c367134 _d367134 |
||